Statistics for Soccer Legends - Brazil Edition

Click here to take the quiz!

General Stats

  • This quiz has been taken 193 times
  • The average score is 12 of 21

Answer Stats

RRLegend% Correct
97Pelé
97%
96Ronaldo Nazário
97%
94Ronaldinho
91%
90Roberto Carlos
86%
93Neymar
85%
95Garrincha
69%
91Cafu
68%
92Ricardo Kaká
67%
91Rivaldo
66%
93Zico
56%
91Sócrates
53%
91Carlos Alberto
49%
88Thiago Silva
43%
91Jairzinho
41%
88Dida
39%
89Dani Alves
31%
88Marcelo
30%
87Leonidas da Silva
27%
90Roberto Rivellino
25%
86Bebeto
19%
89Didi
15%

Score Distribution

Percentile by Number Answered

Percent of People with Each Score

Your Score History

You have not taken this quiz